西武鉄道の無人駅 - Statistics

General Stats
  • This quiz has been taken 18 times
  • The average score is 4 of 21
Answers on the Grid
Answers color-coded by a green-red scale on the quiz's grid according to % correct below.
吾野
芦ヶ久保
稲荷山公園
入曽
青梅街道
小川
上井草
競艇場前
久米川
恋ヶ窪
航空公園
高麗
狭山ヶ丘
椎名町
下落合
下山口
新小金井
新桜台
新狭山
新所沢
西武園
西武園ゆうえんち
西武球場前
西武立川
西武柳沢
多摩湖
都立家政
練馬高野台
西吾野
西所沢
萩山
東久留米
東長崎
東伏見
東大和市
仏子
南大塚
武蔵境
武蔵砂川
武蔵関
武蔵藤沢
武蔵大和
八坂
横瀬
 
Answer Stats
Answer % Correct
西吾野
54%
高麗
46%
仏子
31%
芦ヶ久保
23%
稲荷山公園
23%
恋ヶ窪
23%
狭山ヶ丘
23%
下山口
23%
西所沢
23%
武蔵藤沢
23%
入曽
15%
西武球場前
15%
東伏見
15%
南大塚
15%
新狭山
8%
西武園
8%
西武柳沢
8%
久米川
0%
西武立川
0%
東大和市
0%
武蔵砂川
0%
No matching quizzes found
Score Distribution
Percent of People with Each Score
Percentile by Number Answered
Your Score History
You have not taken this quiz